Every Country with an Olympic Medal: Badminton - Statistics

General Stats
  • This quiz has been taken 89 times
    78 since last reset
  • The average score is 11 of 13
Answer Stats
# of Medals Country % Correct
52 China
99%
22 South Korea
96%
6 Japan
95%
11 Malaysia
95%
3 India
91%
22 Indonesia
91%
3 Great Britain
87%
10 Denmark
84%
1 Thailand
83%
1 Spain
81%
1 Russia
72%
1 Netherlands
59%
3 Chinese Taipei
40%
No matching quizzes found
Score Distribution
Percent of People with Each Score
Percentile by Number Answered
Your Score History
You have not taken this quiz since the last reset